000 00556cam a2200205 4500
001 WB3614-34
008 000000n2000 000 0 eng u
035 _a(Sirsi) u105236
245 _aRural faculty
260 _c2000
490 _aEstates Gazette
_v(0013) 1 April 2000, 182(1)
520 _aOutlines the remit of the RICS faculty to be set up under the Agenda for Change programme.
590 _aWB
650 _aRICS
650 _aAGENDA FOR CHANGE
650 _aFACULTIES
650 _aRural
_96268
690 _aRural
_96268
942 _n0
999 _c63108
_d63108